000 00871cab a2200277 4500
001 WB3113-30
008 090401t1995 xxu||||| |||| 00| 0 eng d
035 _a(Sirsi) u41137
041 _aeng
245 _aCommercial leases
260 _c1995
350 _a0
490 _aEstates Gazette
_v(9512) 25 March 1995, 143(1)
520 _aDiscusses legal procedures that a landlord can take after establishing a breach of covenant, including forfeiture and seeking an injunction. Highlights relevant case law.
650 _aBREACH OF COVENANT
650 _aCOMMERCIAL LEASES
650 _aDAMAGES
650 _aFORFEITURE
650 _aGS FASHIONS LTD V B&Q PLC
650 _aHEMINGWAY SECURITIES LTD V DUNRAVEN LTD
650 _aINJUNCTION
650 _aLEASES
690 _aLANDLORD AND TENANT-BUSINESS TENANCIES
942 _n0
948 _c04/03/1997
999 _c26418
_d26418